10 Most Populous Cities in Nebraska - Statistics

General Stats
  • This quiz has been taken 30 times
  • The average score is 7 of 10
Answer Stats
Population City % Correct
295,798 Lincoln
100%
480,194 Omaha
100%
52,486 Grand Island
91%
34,523 Kearney
87%
63,503 Bellevue
70%
27,764 Fremont
65%
24,593 Columbus
61%
24,814 Hastings
61%
26,233 Norfolk
57%
23,593 Papillion
48%
No matching quizzes found
Score Distribution
Percent of People with Each Score
Percentile by Number Answered
Your Score History
You have not taken this quiz